000 00391nmm a2200145Ia 4500
008 251105s9999||||xx |||||||||||||||||und||
041 _aspa
100 _aPerez Galdos, Benito
245 0 _aRealidad
264 _a[Madrid, España] :
_bSaga Egmont,
_c2020
300 _a60 páginas
650 _aSpanish theater
856 _uhttps://public.digitaliapublishing.com/a/99893
942 _cCF
999 _c106786
_d106786